000 00456nam a2200169Ia 4500
003 GCL
008 140319s9999 xx 000 0 ara d
040 _aGCL /
_cGCL
082 0 4 _a301.32
_bع ح
100 1 _aعبدالمجيد عبدالرحيم
245 1 0 _aعلم الاجتماع السكانى /
_cعبدالمجيد عبدالرحيم
300 _a206
490 _a
650 0 4 _aالاجتماع
650 0 4 _aالسكان
942 _2ddc
_cBK
999 _c40300
_d40300